000 00349nam a22001457a 4500
003 MACL
005 20190920171018.0
008 190920b xxu||||| |||| 00| 0 eng d
040 _cMACL
100 _aSingh, Ved Prakash
_976732
245 _aIndian Literature
260 _aDelhi
_bRobin Pub
_c2017
650 _aLiterature
_976733
942 _2ddc
_cBK
999 _c61056
_d61056